[Event "23rd Open"]
[Site "Schwarzach AUT"]
[Date "2008.08.23"]
[Round "8"]
[White "Nuber,H"]
[Black "Wilke,W"]
[Result "0-1"]
[WhiteElo "2063"]
[BlackElo "2210"]

1.e4 c5 2.Nf3 d6 3.d4 cxd4 4.Nxd4 Nf6 5.Nc3 a6 6.Be3 Ng4 7.Bg5 h6 8.Bc1 Nc6
9.Nxc6 bxc6 10.Be2 Nf6 11.O-O e5 12.f4 Be7 13.h3 exf4 14.Rxf4 Qb6+ 15.Kh1 Be6
16.Qd3 Nd7 17.Be3 Qa5 18.Qd2 Ne5 19.Rd1 Rd8 20.Rdf1 Bg5 21.R4f2 Ng6 22.Bg4 Bxg4
23.hxg4 Ne5 24.Rf5 f6 25.Kg1 Qc7 26.Bf4 Qb6+ 27.Qf2 Qxf2+ 28.Rxf2 Nxg4 29.Bxg5 hxg5
30.Rd2 Ne5 31.b3 Ke7 32.Rf1 Rh4 33.Rd4 Rdh8 34.Kf2 Rf4+ 35.Ke2 Rh2 36.Rxf4 gxf4
37.Kf1 f3 38.Rd2 Ke6  0-1

[Event "U16 Olympiad"]
[Site "Mersin TUR"]
[Date "2008.08.24"]
[Round "10"]
[White "Nagda,A"]
[Black "Buyukasik,D"]
[Result "0-1"]
[WhiteElo "1719"]
[BlackElo "1888"]

1.e4 c5 2.Nf3 d6 3.d4 cxd4 4.Nxd4 Nf6 5.Nc3 a6 6.Be3 e5 7.Nb3 Be6 8.Be2 Nbd7
9.O-O Be7 10.Kh1 b5 11.a3 O-O 12.f4 Rc8 13.Nd2 Nb6 14.f5 Bc4 15.Bxb6 Qxb6
16.g4 h6 17.h4 Bxe2 18.Qxe2 Nh7 19.Nd5 Qd8 20.Nxe7+ Qxe7 21.Nf3 Rc4 22.Rad1 Nf6
23.g5 Nxe4 24.Rg1 h5 25.b3 Nc3 26.Qe1 Rc5 27.Rd3 Rfc8 28.Rg2 Qb7 29.Nd2 Qc6
30.Kg1 Nd5 31.Ne4 Rxc2 32.Rxc2 Qxc2 33.Rxd5 Qxb3 34.Rxd6 Qxa3 35.Rd1 b4 36.Nd6 Rc3
37.Qxe5 Rg3+ 38.Kf2 Qf3+ 39.Ke1 Rg1+ 40.Kd2 Rxd1+ 41.Kc2 Qd3+ 42.Kb2 Qb1+  0-1

[Event "U16 Olympiad"]
[Site "Mersin TUR"]
[Date "2008.08.24"]
[Round "10"]
[White "Rindlisbacher,L"]
[Black "Kadric,D"]
[Result "1/2-1/2"]
[WhiteElo "1980"]
[BlackElo "1904"]

1.e4 c5 2.Nf3 d6 3.d4 cxd4 4.Nxd4 Nf6 5.Nc3 a6 6.Be3 e5 7.Nb3 Be6 8.f3 Nbd7
9.Qd2 b5 10.g4 Nb6 11.g5 Nfd7 12.Nd5 Nxd5 13.exd5 Bf5 14.a4 b4 15.Qxb4 Bxc2
16.Na5 Nc5 17.Qc3 Bg6 18.b4 Nd7 19.Rc1 Be7 20.Nb7 Qb8 21.Bxa6 Rxa6 22.Qc8+ Bd8
23.Qxb8 Nxb8 24.Rc8 Kd7 25.Rxb8 Rxa4 26.Nxd8 Rxd8 27.Rxd8+ Kxd8 28.Kf2 Rxb4
29.Ra1 Rb5 30.Rd1 f5 31.f4 Bf7 32.fxe5 dxe5 33.d6 Rd5 34.Rxd5 Bxd5 35.Bc1 g6
36.Bb2 e4 37.Ke3 Kd7 38.Be5 Be6 39.Kd4 Kc6 40.Bf4 e3  1/2-1/2

[Event "GM"]
[Site "Vienna AUT"]
[Date "2008.08.24"]
[Round "9"]
[White "Sulskis,S"]
[Black "Giri,A"]
[Result "1/2-1/2"]
[WhiteElo "2562"]
[BlackElo "2430"]

1.e4 c5 2.Nf3 d6 3.d4 cxd4 4.Nxd4 Nf6 5.Nc3 a6 6.Be3 Ng4 7.Bc1 Nf6 8.Be2 e5
9.Nb3 Be6 10.O-O Be7 11.Be3 O-O 12.Qd2 Nbd7 13.a4 Qc7 14.a5 Qc6 15.Bf3 Rfc8
16.Rfd1 b5 17.axb6 Nxb6 18.Na5 Qc7 19.Nd5 Bxd5 20.exd5 Nc4 21.Nxc4 Qxc4 22.c3 a5
23.Be2 Qb3 24.Ra3 Qb7 25.c4 Rab8 26.Rxa5 Qxb2 27.Qxb2 Rxb2 28.Kf1 Rbb8 29.c5 Bd8
30.Rb5 Ne4 31.Rxb8 Rxb8 32.cxd6 Nxd6 33.Rc1 Bb6 34.Rb1 Ba7 35.Rxb8+ Bxb8
36.g4 f6 37.Bc5 Nf7 38.h4 Bd6 39.Bb6 g6 40.Kg2 Kg7 41.Bd3 Nh6 42.f3 Ng8 43.Bd8 Kf7
44.Bb5 Ne7 45.h5 gxh5 46.gxh5 Nxd5 47.Bc4 Ke8 48.Bxd5 Kxd8 49.Be4 h6 50.Kg3 Bc5
51.Kg4 Be3  1/2-1/2

[Event "16th Nikea Open"]
[Site "Athens GRE"]
[Date "2008.08.25"]
[Round "1"]
[White "Dochev,D"]
[Black "Kostopoulos,E"]
[Result "1-0"]
[WhiteElo "2428"]
[BlackElo "2150"]

1.e4 c5 2.Nf3 d6 3.d4 cxd4 4.Nxd4 Nf6 5.Nc3 a6 6.Be3 e5 7.Nf3 Be7 8.Bc4 O-O
9.O-O Be6 10.Bb3 Nc6 11.Qe2 Na5 12.Rfd1 Qc7 13.Nd5 Nxd5 14.Bxd5 Nc4 15.c3 Rac8
16.h3 Bxd5 17.Rxd5 Qc6 18.Rad1 f5 19.exf5 Rxf5 20.Bc5 Rf4 21.g3 Rxf3 22.Qxf3 dxc5
23.Qe2 b5 24.b3 Nb6 25.Rxe5 Bf6 26.Re6 Qb7 27.Re8+ Kf7 28.Qh5+ g6 29.Qxh7+ Bg7
30.Qg8+ Kf6 31.Qe6+ Kg5 32.Qe3+ Kh5 33.Re7 Rc7 34.g4+ Kh4 35.Qg3+ Kg5 36.Rxc7  1-0

[Event "X Sants Open"]
[Site "Barcelona ESP"]
[Date "2008.08.25"]
[Round "4"]
[White "Guliyev,N"]
[Black "Rios Parra,M"]
[Result "1-0"]
[WhiteElo "2510"]
[BlackElo "2349"]

1.e4 c5 2.Nf3 d6 3.d4 cxd4 4.Nxd4 Nf6 5.Nc3 a6 6.Be3 e5 7.Nf3 Be7 8.Bc4 O-O
9.O-O Be6 10.Bb3 Nc6 11.Re1 Na5 12.Bg5 Nxb3 13.axb3 Rc8 14.Bxf6 Bxf6 15.Re2 Rc6
16.Nd5 Bxd5 17.Qxd5 Qc8 18.c3 Rc5 19.Qd3 Qe6 20.b4 Rb5 21.Rd2 Be7 22.Rad1 f5
23.g3 f4 24.Ne1 g5 25.Nc2 Rf6 26.Na3 Rb6 27.Qd5 Kg7 28.Qxe6 Rxe6 29.g4 Kf7
30.Rd5 Rg6 31.Kg2 Ke6 32.b5 Rg8 33.c4 Rc8 34.R1d3 Rc7 35.Kf3 Rc8 36.Ke2 h6
37.Kd2 Ra8 38.Kc2 axb5 39.cxb5 Rc6+ 40.bxc6 bxc6 41.Nb5  1-0

[Event "X Sants Open"]
[Site "Barcelona ESP"]
[Date "2008.08.25"]
[Round "4"]
[White "Salgado Lopez,I"]
[Black "Popilski,G"]
[Result "1/2-1/2"]
[WhiteElo "2532"]
[BlackElo "2372"]

1.e4 c5 2.Nf3 d6 3.d4 cxd4 4.Nxd4 Nf6 5.Nc3 a6 6.Be3 e6 7.f3 Be7 8.Qd2 Nc6
9.O-O-O O-O 10.g4 Nd7 11.g5 Nxd4 12.Qxd4 Bxg5 13.f4 Be7 14.Rg1 g6 15.h4 Qa5
16.Be2 b5 17.a3 Rb8 18.Na2 Bb7 19.e5 d5 20.h5 Bc5 21.Qd3 Qb6 22.Bxc5 Nxc5
23.Qd4 Na4 24.Qd3 Nc5 25.Qd4 Qc7 26.Kb1 Ne4 27.Nc1 Rbc8 28.Bd3 Qc5 29.Nb3 Qxd4
30.Nxd4 Rfe8 31.Rg2 Kf8 32.Rh1 Rc7 33.Kc1 Ke7 34.hxg6 hxg6 35.Rh7 Rg8 36.Rgh2 Rcc8
37.Nf3 Nc5 38.Kd2 Bc6 39.Ng5 Be8 40.R2h6 Kf8 41.Ke3 Rg7 42.Kd4 Rxh7 43.Nxh7+ Kg7
44.Rh2 Nd7 45.b3 Rc7 46.c4 dxc4 47.bxc4 bxc4 48.Bxc4 Rc8 49.Ng5 Nb6 50.Bb3 Rd8+
51.Kc5 Nd7+ 52.Kb4  1/2-1/2

[Event "ch-FAOGBA sf"]
[Site "Ciudadela ARG"]
[Date "2008.08.25"]
[Round "6"]
[White "Paternoste,R"]
[Black "Ucha,L"]
[Result "1-0"]
[WhiteElo "2251"]
[BlackElo "2044"]

1.e4 c5 2.Nf3 d6 3.d4 cxd4 4.Nxd4 Nf6 5.Nc3 a6 6.Be3 e5 7.Nf3 Be7 8.h3 O-O
9.Bc4 Qc7 10.Bb3 b5 11.Nd5 Nxd5 12.Bxd5 Bb7 13.O-O Nd7 14.Rc1 Bxd5 15.Qxd5 Nf6
16.Qd3 Qc6 17.Nd2 d5 18.exd5 Nxd5 19.c4 Nxe3 20.Qxe3 Rac8 21.Nf3 f6 22.cxb5 Qxb5
23.b3 Ba3 24.Rxc8 Rxc8 25.Rd1 a5 26.Qe4 Qc6 27.Rd8+ Kf7 28.Nxe5+ fxe5 29.Qf5+ Qf6
30.Qxc8  1-0

[Event "44th Rubinstein Mem Open A"]
[Site "Polanica Zdroj POL"]
[Date "2008.08.25"]
[Round "7"]
[White "Owczarzak,J"]
[Black "Tokarski,L"]
[Result "1-0"]
[WhiteElo "2343"]
[BlackElo "2238"]

1.e4 c5 2.Nf3 d6 3.d4 cxd4 4.Nxd4 Nf6 5.Nc3 a6 6.Be3 e5 7.Nb3 Be6 8.f3 h5
9.Qd2 Nbd7 10.Qf2 Rc8 11.O-O-O Rxc3 12.bxc3 Qc7 13.c4 Be7 14.Qd2 O-O 15.Qa5 Qc6
16.Qb4 b6 17.Rd5 Rc8 18.Bd3 Qc7 19.a4 Nc5 20.Nxc5 bxc5 21.Qa3 Rb8 22.c3 Bd7
23.Bc2 Nxd5 24.cxd5 Qd8 25.Kd2 Bg5 26.Rd1 h4 27.Qc1 Bxe3+ 28.Kxe3 Qg5+ 29.Kf2 Qxc1
30.Rxc1 Rb2 31.Ke3 c4 32.g3 h3 33.f4 exf4+ 34.gxf4 Ra2 35.Kd4 Bxa4 36.Bxa4 Rxa4
37.Rc2 Kf8 38.Rf2 Ra1 39.Rf3 a5 40.Rxh3 a4 41.Rh8+ Ke7 42.Ra8 a3 43.e5 a2
44.Kxc4 dxe5 45.fxe5 Re1 46.Ra7+ Kd8 47.Rxa2 Rxe5 48.Kc5  1-0

[Event "44th Rubinstein Mem Open A"]
[Site "Polanica Zdroj POL"]
[Date "2008.08.25"]
[Round "7"]
[White "Szoen,D"]
[Black "Kocwin,B"]
[Result "1-0"]
[WhiteElo "2477"]
[BlackElo "2245"]

1.e4 c5 2.Nf3 d6 3.d4 cxd4 4.Nxd4 Nf6 5.Nc3 a6 6.Be3 e5 7.Nb3 Be6 8.f4 Ng4
9.Bd2 exf4 10.Bxf4 Nc6 11.Qe2 Nge5 12.h3 Be7 13.O-O-O O-O 14.Kb1 Re8 15.g4 Bf8
16.Qg2 Rc8 17.g5 Qb6 18.h4 Nb4 19.h5 a5 20.Qg3 Nxc2 21.Kxc2 a4 22.Nc1 a3
23.Nb3 Qb4 24.Qe3 axb2 25.Kxb2 Bxb3 26.axb3 d5 27.Nb1 Ng4 28.Qd2 Rxe4 29.Qxb4 Bxb4
30.Bg3 Re3 31.Rd4 Bc3+ 32.Nxc3 Rcxc3 33.Be1 Rxb3+ 34.Kc2 Ne5 35.Rxd5 Nc6
36.Bd2 Rg3 37.Bc4 Rbf3 38.Re1 Kf8 39.Rd8+  1-0

[Event "44th Rubinstein Mem Open A"]
[Site "Polanica Zdroj POL"]
[Date "2008.08.26"]
[Round "8"]
[White "Bartel,Mi"]
[Black "Zakoscielna,K"]
[Result "1-0"]
[WhiteElo "2266"]
[BlackElo "2125"]

1.e4 c5 2.Nf3 d6 3.d4 cxd4 4.Nxd4 Nf6 5.Nc3 a6 6.Be3 e5 7.Nb3 Be6 8.f4 Ng4
9.Bd2 Qb6 10.Qf3 exf4 11.Qxf4 Be7 12.Nd5 Bxd5 13.Qxg4 Bxb3 14.Qxg7 Bxc2 15.Qxh8+ Kd7
16.Rc1 Bh4+ 17.g3 Nc6 18.Bh3+ Ke7 19.Qxa8 Bxe4 20.Qc8 Bxh1 21.Qd7+ Kf8 22.Bc3 Ne5
23.Bxe5 dxe5 24.Qf5 Kg7 25.Qg4+ Kf8 26.Qe2 Qa5+ 27.Kf1 Bg5 28.Rc8+ Kg7 29.Bg2 Bxg2+
30.Kxg2 Qd5+ 31.Kg1 Qd4+ 32.Kf1 b5 33.h4 Be7 34.Kg2 Bc5 35.Kh3 Kf6 36.Qf3+ Ke6
37.Qc6+ Bd6 38.Re8+ Kf6 39.Rd8 Ke6 40.Qd7+  1-0

[Event "8th Open"]
[Site "Velika Gorica CRO"]
[Date "2008.08.26"]
[Round "5"]
[White "Jurkovic,A"]
[Black "Jakupec,D"]
[Result "1-0"]
[WhiteElo "2343"]
[BlackElo "2191"]

1.e4 c5 2.Nf3 d6 3.d4 cxd4 4.Nxd4 Nf6 5.Nc3 a6 6.Be3 e6 7.g4 Nc6 8.g5 Nd7
9.h4 Be7 10.Qh5 O-O 11.O-O-O Nxd4 12.Bxd4 b5 13.Bd3 Re8 14.f4 b4 15.Bxg7 Nc5
16.f5 exf5 17.Nd5  1-0

[Event "X Sants Open"]
[Site "Barcelona ESP"]
[Date "2008.08.27"]
[Round "6"]
[White "Huerga Leache,M"]
[Black "Rodshtein,M"]
[Result "0-1"]
[WhiteElo "2433"]
[BlackElo "2605"]

1.e4 c5 2.Nf3 d6 3.d4 Nf6 4.Nc3 cxd4 5.Nxd4 a6 6.Be3 e6 7.f3 b5 8.Qd2 Nbd7
9.g4 h6 10.O-O-O b4 11.Na4 Ne5 12.b3 Bd7 13.Nb2 d5 14.Nd3 Nxd3+ 15.cxd3 a5
16.Nc2 Bd6 17.Bd4 e5 18.Bb2 d4 19.f4 a4 20.Bh3 axb3 21.axb3 Qc7 22.g5 hxg5
23.fxg5 Rxh3 24.gxf6 g6 25.Qg2 Bf8 26.Kd2 Ra2 27.Rb1 Bh6+  0-1

[Event "X Sants Open"]
[Site "Barcelona ESP"]
[Date "2008.08.27"]
[Round "6"]
[White "Martin Grillo,R"]
[Black "Panelo,M"]
[Result "0-1"]
[WhiteElo "2282"]
[BlackElo "2414"]

1.e4 c5 2.Nf3 d6 3.d4 cxd4 4.Nxd4 Nf6 5.Nc3 a6 6.Be3 e5 7.Nb3 Be6 8.Qd2 Nbd7
9.O-O-O Be7 10.f4 Rc8 11.Kb1 b5 12.f5 Bc4 13.g4 b4 14.Bxc4 Rxc4 15.Nd5 h6
16.Qd3 Nxd5 17.Qxd5 Rc8 18.Rhg1 Qc7 19.Rg2 Nf6 20.Qd3 Qc6 21.Nd2 a5 22.h4 a4
23.g5 hxg5 24.hxg5 Rh3 25.Re1 Nh5 26.f6 Nf4 27.fxg7 Nxd3 28.g8=Q+ Bf8 29.cxd3 Rxe3
30.Reg1 Qc2+ 31.Ka1 a3 32.bxa3 Qc3+ 33.Kb1 Qxd3+ 34.Ka1 Qc3+ 35.Kb1 bxa3
36.Nb3 Re1+  0-1

[Event "ch-ISL"]
[Site "Reykjavik ISL"]
[Date "2008.08.27"]
[Round "1"]
[White "Lagerman,R"]
[Black "Thorfinnsson,Br"]
[Result "1/2-1/2"]
[WhiteElo "2354"]
[BlackElo "2387"]

1.e4 c5 2.Nf3 d6 3.d4 cxd4 4.Nxd4 Nf6 5.Nc3 a6 6.Be3 e6 7.f4 Qc7 8.Qf3 b5
9.Bd3 Bb7 10.a3 Nc6 11.O-O Be7 12.Kh1 Nxd4 13.Bxd4 Bc6 14.Qg3 g6 15.e5 Nh5
16.Qe3 d5 17.f5 exf5 18.Bxf5 Ng7 19.e6 Nxf5 20.Rxf5 gxf5 21.Bxh8 f6 22.Qd4 O-O-O
23.Bxf6 Bxf6 24.Qxf6 d4 25.Qxf5 Bxg2+ 26.Kxg2 Rg8+ 27.Kh1 dxc3 28.e7+ Qd7
29.Qf8+ Qe8 30.Qf5+ Qd7 31.Qf8+ Qe8 32.Qf5+ Qd7 33.Qf8+ Qe8  1/2-1/2

[Event "2nd Open"]
[Site "Urumia IRI"]
[Date "2008.08.27"]
[Round "2"]
[White "Ghoch Khani,H"]
[Black "Askerov,M"]
[Result "0-1"]
[WhiteElo "1599"]
[BlackElo "2195"]

1.e4 c5 2.Nf3 d6 3.d4 cxd4 4.Nxd4 Nf6 5.Nc3 a6 6.Be3 Ng4 7.Qd2 Nxe3 8.Qxe3 g6
9.Be2 Bg7 10.Nb3 O-O 11.O-O Nd7 12.Kh1 b5 13.f4 Bb7 14.a3 Rc8 15.Nd4 Qb6
16.Rad1 e5 17.fxe5 dxe5 18.Nf5 gxf5 19.Qh3 Nc5 20.Qxf5 Qg6 21.Qh3 Nxe4 22.Bh5 Qh6
23.Rd7 Nf6 24.Rxb7 Qxh5 25.Qg3 Qg6 26.Qxe5 Ng4 27.Qg3 Be5 28.Qh4 Ne3 29.Rg1 Nf5
30.Qh3 Bxc3 31.bxc3 Rc4 32.Rf1 Re8 33.Qd3 Ne3 34.Qxg6+ fxg6 35.Rff7 Nf5 36.h3 Rxc3
37.g4 Rxc2  0-1

[Event "1st Dragon Capital Vietnam Open"]
[Site "Vung Tau VIE"]
[Date "2008.08.27"]
[Round "2"]
[White "Nolte,R"]
[Black "Nguyen Van Thanh"]
[Result "1-0"]
[WhiteElo "2522"]
[BlackElo "2194"]

1.e4 c5 2.Nf3 d6 3.d4 cxd4 4.Nxd4 Nf6 5.Nc3 a6 6.Be3 e6 7.f3 b5 8.Qd2 Nbd7
9.O-O-O Bb7 10.g4 Nb6 11.Qf2 Nfd7 12.Bd3 Qc7 13.Kb1 Be7 14.g5 b4 15.Nce2 Nc5
16.Ng3 Nba4 17.Nh5 Rg8 18.Rhe1 Qa5 19.Nb3 Nxb3 20.cxb3 Nc5 21.Bc2 Nd7 22.h4 h6
23.f4 hxg5 24.hxg5 g6 25.Ng3 O-O-O 26.f5 gxf5 27.exf5 d5 28.g6 e5 29.f6 Bxf6
30.gxf7 Rgf8 31.Bg6 Kb8 32.Nh5 Be7 33.Bh6 Bc5 34.Qf5 Qb6 35.Bxf8 Bxf8 36.Qg5 Ka7
37.Bf5 e4 38.Bxd7 Rxd7 39.Nf6 Rxf7 40.Nxd5 Qc5 41.Qe3 Qxe3 42.Nxe3 Bc5 43.Nc4 Re7
44.Nd6 e3 45.Nxb7 Kxb7 46.Kc2 Rf7 47.Kd3 Kb6 48.Rf1 Rg7 49.Rf6+ Kb5 50.Rf5 Kb6
51.Rc1 Rd7+ 52.Ke4 Re7+ 53.Re5 Rc7 54.Rc2 Rc6 55.Rd5 Re6+ 56.Kd3 Bd6 57.Re2 Bc5
58.Rc2 Bd6 59.Rd4 Bc5 60.Rdc4 Rd6+ 61.Ke2 Rd5 62.a3 a5 63.axb4 Bxb4 64.Kxe3 Rd6
65.Rg2 Rh6 66.Rcg4 Rc6 67.Kd3 Rd6+ 68.Ke4 Re6+ 69.Kf5 Re3 70.R4g3 Re8 71.Rg6+ Kc5
72.Re6 Rd8 73.Ke4 Rd4+ 74.Ke3 Rd5 75.Rc2+ Kb5 76.Ke4 Rd1 77.Re5+ Kb6 78.Rh5 Re1+
79.Kd3 Rd1+ 80.Kc4 Rd6 81.Rch2 Rc6+ 82.Kd3 Rd6+ 83.Kc2 Rc6+ 84.Kb1 Rc8 85.Rh6+ Kb7
86.Rh7+ Kb6 87.R2h6+ Kb5 88.Rg7 Bc5 89.Rh5 Kb6 90.Rg6+ Kb7 91.Rg7+ Kb6 92.Rgg5 Rc7
93.Ka2 Rc8 94.Rh2 Rc7 95.Rg6+ Kb5 96.Rg5 Rc8 97.Rc2 Kb6 98.b4 axb4 99.Kb3 Rb8
100.Rcxc5  1-0

[Event "XLII Open"]
[Site "Mislata ESP"]
[Date "2008.08.28"]
[Round "5"]
[White "Castellote Lillo,J"]
[Black "Berbatov,K"]
[Result "0-1"]
[WhiteElo "2092"]
[BlackElo "2250"]

1.e4 c5 2.Nf3 d6 3.d4 cxd4 4.Nxd4 Nf6 5.Nc3 a6 6.Be3 e6 7.g4 Nc6 8.f3 Qc7
9.Qd2 b5 10.O-O-O Nxd4 11.Bxd4 Nd7 12.Qf2 Bb7 13.g5 b4 14.Ne2 Rc8 15.Ng3 d5
16.Bh3 dxe4 17.fxe4 Bc5 18.Rd2 Ne5 19.Nh5 O-O 20.Bg2 Bxd4 21.Qxd4 Rfd8 22.Qe3 Rxd2
23.Qxd2 Nc4 24.Qe2 Qe5 25.c3 Qxg5+ 26.Kb1 Na3+ 27.Ka1 Qe5  0-1

[Event "X Sants Open"]
[Site "Barcelona ESP"]
[Date "2008.08.29"]
[Round "8"]
[White "Hansen,TR"]
[Black "Robles Garcia,C"]
[Result "1-0"]
[WhiteElo "2423"]
[BlackElo "2256"]

1.e4 c5 2.Nf3 d6 3.d4 cxd4 4.Nxd4 Nf6 5.Nc3 a6 6.Be3 e5 7.Nb3 Be6 8.f4 exf4
9.Bxf4 Nc6 10.Qe2 Be7 11.h3 Qb6 12.O-O-O Nb4 13.Be3 Qc7 14.Kb1 O-O 15.a3 Nc6
16.Nd5 Bxd5 17.exd5 Ne5 18.g4 b5 19.Bc1 a5 20.g5 Nfd7 21.Nd4 b4 22.a4 Nb6
23.Nb5 Qd8 24.b3 Bxg5 25.Bxg5 Qxg5 26.Qf2 Ned7 27.Rg1 Qf6 28.Qg3 Qg6 29.Nxd6 Qxg3
30.Rxg3 Nf6 31.Bg2 Nh5 32.Rg4 f5 33.Rgd4 Ng3 34.Bf3 f4 35.Nc4 Nd7 36.d6 Rae8
37.Bd5+ Kh8 38.Bc6 Rd8 39.Bf3 Rde8 40.Bg4 Rd8 41.Nxa5 h5 42.Bxd7 Rxd7 43.Nc6 Kh7
44.Ne5 Rdd8 45.R1d3  1-0

[Event "TCh-MNE Premier"]
[Site "Herceg Novi MNE"]
[Date "2008.08.29"]
[Round "5"]
[White "Djukic,Ni"]
[Black "Benderac,S"]
[Result "1/2-1/2"]
[WhiteElo "2545"]
[BlackElo "2326"]

1.e4 c5 2.Nf3 d6 3.d4 cxd4 4.Nxd4 Nf6 5.Nc3 a6 6.Be3 e5 7.Nb3 Be6 8.f3 Nbd7
9.g4 b5 10.g5 b4 11.Ne2 Nh5 12.Qd2 a5 13.Ng3 Nxg3 14.hxg3 a4 15.Nc1 Qa5 16.f4 g6
17.Bg2 Bg7 18.f5 gxf5 19.exf5 Bxf5 20.O-O e4 21.Qf2 Bg6 22.Bxe4 O-O 23.Bxa8 Rxa8
24.Nd3 Rc8 25.Rac1 Ne5 26.Nxe5 Qxe5 27.c3 a3 28.Bd4 Qxg5 29.Bxg7 Kxg7 30.bxa3 bxc3
31.Qd4+ Qe5 32.Qxe5+ dxe5 33.Rfe1 Rc5 34.Re3 c2 35.Kf2 Rd5 36.Ke1 Kf6 37.a4 Ke6
38.Ra3 Ra5 39.Kd2 Kd5 40.Kc3 Kc5 41.Re1 Kd5 42.Kb2 Kd4 43.Ree3 Rxa4 44.Rec3 Rxa3
45.Rxa3 h5 46.Kc1 Bd3 47.Kd2 e4 48.Ra4+ Kd5 49.Ra5+ Kd4 50.Ra4+ Kd5 51.Ra5+ Kd4  1/2-1/2

[Event "2nd Open"]
[Site "Urumia IRI"]
[Date "2008.08.29"]
[Round "7"]
[White "Pilvaieh,A"]
[Black "Ryahi,N"]
[Result "0-1"]
[WhiteElo "2171"]
[BlackElo "2216"]

1.e4 c5 2.Nf3 d6 3.d4 cxd4 4.Nxd4 Nf6 5.Nc3 a6 6.Be3 e5 7.Nb3 Be6 8.f3 Nbd7
9.g4 Nb6 10.g5 Nfd7 11.Qd2 Rc8 12.O-O-O Qc7 13.Kb1 Nc4 14.Bxc4 Bxc4 15.Nd5 Bxd5
16.exd5 Be7 17.h4 f5 18.f4 O-O 19.Rhf1 e4 20.Nd4 Nc5 21.h5 Qd7 22.Qg2 Bd8
23.Rfe1 Ba5 24.Re2 Na4 25.Bc1 Bc3 26.Re3 Bxd4 27.Rxd4 b5 28.Qd2 Rc5 29.b3 Nb6
30.Ba3 Rc7 31.Qa5 Rb8 32.Bb2 Qc8 33.Re2 Rc5 34.h6 Nxd5 35.Qd2 Qc6 36.b4 e3
37.Qd3 Rd8 38.Ka1 Nxf4 39.Qxe3 Re5 40.Qb3+ Ne6 41.Red2 g6 42.Rd1 Kf7 43.R4d3 Re4
44.Bf6 Rd7 45.Qb2 d5 46.Bh8 d4 47.c3 Nxg5 48.Bxd4 Qc4 49.Qf2 Ne6 50.Re3 Rxe3
51.Qxe3 Qd5 52.Qg1 g5 53.Qh2 Kg6 54.Kb2 Qf3 55.Qe5 Nxd4 56.Qe8+ Kxh6 57.Rd2 Qd5
58.cxd4 Kg7 59.Qe3 h6 60.Ka3 f4 61.Qc3 Re7 62.Rd3 Qe4 63.Qd2 Qxd3+  0-1

[Event "8th Open"]
[Site "Velika Gorica CRO"]
[Date "2008.08.29"]
[Round "8"]
[White "Jelecevic,I"]
[Black "Blazeka,Da"]
[Result "1/2-1/2"]
[WhiteElo "2235"]
[BlackElo "1932"]

1.e4 c5 2.Nf3 d6 3.d4 cxd4 4.Nxd4 Nf6 5.Nc3 a6 6.Be3 Ng4 7.Bg5 h6 8.Bh4 g5
9.Bg3 Bg7 10.h3 Ne5 11.f3 Nbc6 12.Qd2 Be6 13.Bf2 Rc8 14.O-O-O Qa5 15.Nb3 Qc7
16.Kb1 b5 17.Nd5 Bxd5 18.exd5 Nc4 19.Bxc4 bxc4 20.dxc6 cxb3 21.cxb3 Qxc6
22.Rc1 Qd7 23.Rxc8+ Qxc8 24.Re1 Qf5+ 25.Qc2 Qxc2+ 26.Kxc2 Kd7 27.Re4 Rc8+
28.Rc4 d5 29.Rxc8 Kxc8 30.b4 f5 31.b3 Be5 32.g4 fxg4 33.hxg4 Bd6 34.Kd3 e5
35.Kc3 Kb7 36.a4 Kc6 37.Bg1 Be7 38.Ba7 Bd6 39.Bf2 Be7 40.Be1 Bd6 41.Kd3 Be7
42.Bd2 Bd6 43.Bc3 Kb6 44.Bb2 Kc6 45.Bc3 Kb6 46.Be1 Kc6 47.Kc3 Be7 48.Bf2 Bd6
49.Ba7 Kb7 50.Bf2  1/2-1/2

[Event "1st Dragon Capital Vietnam Open"]
[Site "Vung Tau VIE"]
[Date "2008.08.29"]
[Round "5"]
[White "Nguyen Van Thanh"]
[Black "Doan Van Duc"]
[Result "1-0"]
[WhiteElo "2194"]
[BlackElo "2160"]

1.e4 c5 2.Nf3 d6 3.d4 cxd4 4.Nxd4 Nf6 5.Nc3 a6 6.Be3 Ng4 7.Bc1 Nf6 8.Be3 e6
9.Be2 Be7 10.O-O O-O 11.f4 Qc7 12.Qe1 Nbd7 13.Qg3 Re8 14.Rfe1 b5 15.Bf3 Bb7
16.e5 Nd5 17.Nxd5 exd5 18.e6 Nf8 19.exf7+ Kxf7 20.Bh5+ Kg8 21.Bxe8 Rxe8 22.Nf5 Bf6
23.Bd4 Bxd4+ 24.Nxd4 Re4 25.c3 Qf7 26.Qg5 b4 27.Nf5  1-0

[Event "X Sants Open"]
[Site "Barcelona ESP"]
[Date "2008.08.30"]
[Round "9"]
[White "Nijboer,F"]
[Black "Di Berardino,D"]
[Result "0-1"]
[WhiteElo "2564"]
[BlackElo "2471"]

1.e4 c5 2.Nf3 d6 3.d4 cxd4 4.Nxd4 Nf6 5.Nc3 a6 6.Be3 e5 7.Nb3 Be6 8.f3 Be7
9.Qd2 O-O 10.O-O-O Nbd7 11.g4 b5 12.g5 b4 13.Ne2 Ne8 14.f4 a5 15.f5 a4 16.Nbd4 exd4
17.Nxd4 b3 18.Kb1 bxc2+ 19.Nxc2 Bb3 20.axb3 axb3 21.Na3 Ne5 22.Qg2 Qb8 23.f6 Bd8
24.Rd5 Kh8 25.fxg7+ Nxg7 26.Rb5 Qc8 27.Rxb3 Ne6 28.Be2 Nc5 29.Rb5 Ra4 30.Bd1 Ra5
31.Qd2 Qc6 32.Rxa5 Qxe4+ 33.Qc2 Qxh1 34.Rb5 Ncd3 35.Bd4 Kg8 36.Rb3 Nf4 37.Nb5 Be7
38.Nc3 Ne6 39.Be3 Nc4 40.Bc1 Nd4 41.Qe4 Qxe4+ 42.Nxe4 Nxb3 43.Bxb3 Rc8 44.h4 d5
45.Nc3 d4 46.Nd5 Bd8 47.Nf4 Ba5 48.Nd3 Kf8 49.Bf4 Nd2+ 50.Bxd2 Bxd2 51.Ne5 Rc7
52.Bc2 Kg7 53.Ng4 Rc5 54.Nh6 Be3 55.Nf5+ Kf8 56.b3 Bf2 57.Kb2 Rc3 58.Be4 Rh3
59.b4 Bxh4  0-1

[Event "130th ch-NY State"]
[Site "Colonie USA"]
[Date "2008.08.31"]
[Round "4"]
[White "Jiang,L"]
[Black "Harris,Da"]
[Result "1-0"]
[WhiteElo "2135"]
[BlackElo "2102"]

1.e4 c5 2.Nf3 d6 3.d4 Nf6 4.Nc3 cxd4 5.Nxd4 a6 6.Be3 e5 7.Nf3 Be7 8.Bc4 Be6
9.Bb3 O-O 10.O-O Re8 11.Bg5 Nbd7 12.Qe2 Rc8 13.Rfd1 Qa5 14.Bxf6 Nxf6 15.Ng5 Bxb3
16.axb3 Qc7 17.Rac1 Qd7 18.h3 Rc6 19.Nf3 Qc7 20.Nd5 Nxd5 21.Rxd5 Rc8 22.c3 Rc5
23.Rcd1 Rxd5 24.Rxd5 b5 25.b4 g6 26.Qd3 Bf8 27.Nd2 Qe7 28.b3 Qb7 29.Qe3 h5
30.Rd3 Qe7 31.Qb6 Ra8 32.Nf1 Qa7 33.Qc6 Rd8 34.Ne3 Qa8 35.Qxa8 Rxa8 36.Rd1 Rc8
37.Nd5 f5 38.f3 Kf7 39.Kf2 Ke6 40.Ke2 Bh6 41.Ra1 Rc6 42.Kd3 Bg5 43.c4 Bd8
44.Nc3 Bb6 45.Rxa6  1-0

[Event "Open A"]
[Site "Graz SUI"]
[Date "2008.08.31"]
[Round "2"]
[White "Syska,A"]
[Black "Kozul,Z"]
[Result "0-1"]
[WhiteElo "2252"]
[BlackElo "2579"]

1.e4 c5 2.Nf3 d6 3.d4 cxd4 4.Nxd4 Nf6 5.Nc3 a6 6.Be3 e5 7.Nb3 Be7 8.Qd2 O-O
9.f3 Be6 10.O-O-O a5 11.Bb5 Na6 12.Qf2 Qc8 13.Na4 Nc7 14.Nb6 Qb8 15.Nxa8 Qxa8
16.Qe2 a4 17.Nd2 Bxa2 18.Bc4 Bxc4 19.Nxc4 a3 20.Nxa3 d5 21.Nb1 d4 22.Bg5 Ne6
23.h4 Rc8 24.Rd3 Qa2 25.Rhd1 b5 26.f4 Bf8 27.f5 Nc5 28.Ra3 b4  0-1

[Event "16th Nikea Open"]
[Site "Athens GRE"]
[Date "2008.09.01"]
[Round "9"]
[White "Dochev,D"]
[Black "Sigalas,F"]
[Result "1/2-1/2"]
[WhiteElo "2428"]
[BlackElo "2242"]

1.e4 c5 2.Nf3 d6 3.d4 cxd4 4.Nxd4 Nf6 5.Nc3 a6 6.Be3 e5 7.Nf3 Be7 8.Bc4 O-O
9.O-O Be6 10.Bb3 Nc6 11.Qe2 Na5 12.Rfd1 Qc7 13.Bg5 Rac8 14.Rac1 Nh5 15.Qd2 Bxg5
16.Nxg5 Nxb3 17.cxb3 Qe7 18.Nxe6 fxe6 19.Qxd6 Qf6 20.Qb6 Nf4 21.Qe3 Qg6 22.Qg3 Qh5
23.Kh1 Rcd8 24.f3 Nd3 25.Rc2 Rd4 26.Rcd2 Rfd8 27.h3 Qh6 28.Nd5 exd5 29.Rxd3 dxe4
30.Rxd4 exd4 31.fxe4 Qc6 32.Qg5 Rd6 33.Rc1 Qd7 34.e5 Rg6 35.Qf4 d3 36.Qc4+ Re6
37.Rd1 b5 38.Qxd3 Qxd3 39.Rxd3 Rxe5 40.Rd6 a5 41.Ra6 b4 42.Kg1 h5 43.h4 Rf5
44.Kh2 Kf7 45.Kh3 g6 46.Rb6 Rd5 47.Ra6 Rf5 48.Kh2 Kg7 49.Rb6 g5 50.hxg5 Rxg5
51.a3 Rd5 52.axb4 axb4 53.Rxb4 Rd2 54.Rf4 Rxb2 55.b4 Rb3 56.g3 Rb2+ 57.Kh3 Kg6
58.Rc4 Kf6 59.Rd4 Kg6 60.Rd6+ Kg5 61.Rd5+ Kg6 62.Rb5 Kf6 63.Rb8 Kg5 64.b5 Kf6
65.b6 Kg6 66.Rb7 Kf6 67.Rb8 Kg6 68.g4 Rb3+ 69.Kh4 Rb4 70.b7 Kg7 71.Kxh5 Rb5+
72.Kh4 Rb1 73.Kg3 Kh7 74.Kf4 Kg7 75.Ke5 Re1+ 76.Kf5 Rf1+ 77.Ke4 Rb1 78.g5 Kh7
79.g6+ Kg7 80.Kd5 Rd1+ 81.Kc6 Rc1+ 82.Kb5 Rb1+ 83.Ka4 Ra1+ 84.Kb3 Rb1+ 85.Kc2 Rb6  1/2-1/2

[Event "7th Open"]
[Site "Izmir TUR"]
[Date "2008.09.01"]
[Round "4"]
[White "Firat,B"]
[Black "Yilmaz,M"]
[Result "0-1"]
[WhiteElo "2219"]
[BlackElo "2362"]

1.e4 c5 2.Nf3 d6 3.d4 cxd4 4.Nxd4 Nf6 5.Nc3 a6 6.Be3 e5 7.Nb3 Be7 8.Qd2 Be6
9.O-O-O O-O 10.f4 Ng4 11.g3 Nd7 12.h4 b5 13.f5 Bc4 14.Bg5 Ndf6 15.Bxf6 Nxf6
16.Qg2 b4 17.Nd5 Nxd5 18.exd5 Bxb3 19.cxb3 Qd7 20.Qe4 a5 21.Bc4 a4 22.Kb1 a3
23.Rd2 Ra5 24.Qxe5 dxe5 25.Rf1 Bxh4 26.Rh1 Rfa8 27.Rf1 Qa7 28.Rff2 Rb5 29.Bxb5 Qxf2
30.Rxf2  0-1

[Event "SuperLiga-ROM"]
[Site "Eforie Nord ROM"]
[Date "2008.09.02"]
[Round "2"]
[White "Grigore,N"]
[Black "Szabo,G ROM"]
[Result "1/2-1/2"]
[WhiteElo "2365"]
[BlackElo "2514"]

1.e4 c5 2.Nf3 d6 3.d4 cxd4 4.Nxd4 Nf6 5.Nc3 a6 6.Be3 e5 7.Nb3 Be6 8.f3 Be7
9.Qd2 O-O 10.O-O-O a5 11.Kb1 a4 12.Nc1 Ra5 13.Qf2 Nbd7 14.a3 Qb8 15.N1a2 Rc8
16.Bd2 Bd8 17.Be3 Be7  1/2-1/2

[Event "Open A"]
[Site "Graz SUI"]
[Date "2008.09.02"]
[Round "4"]
[White "Syska,A"]
[Black "Pirker,C"]
[Result "1-0"]
[WhiteElo "2252"]
[BlackElo "2150"]

1.e4 c5 2.Nf3 d6 3.d4 cxd4 4.Nxd4 Nf6 5.Nc3 a6 6.Be3 e5 7.Nb3 Be6 8.f3 Nbd7
9.g4 Nb6 10.g5 Nh5 11.Qd2 Rc8 12.O-O-O Be7 13.h4 Nc4 14.Bxc4 Bxc4 15.Kb1 b5
16.Nd5 Bxd5 17.Qxd5 Bxg5 18.Bxg5 Qxg5 19.Qxb5+ Ke7 20.Qb6 Qxh4 21.Qb5 Qf6
22.Qd5 Rc4  1-0